| 000 | 00876pam a2200277 i 4500 | ||
|---|---|---|---|
| 001 | 1355221 | ||
| 003 | Ke-BoTe | ||
| 005 | 20220517160518.0 | ||
| 008 | 801114s1981 mou b 001 0 eng | ||
| 010 | _a 80025234 | ||
| 020 | _a0801637589 | ||
| 040 |
_aDLC _cDLC _dDLC |
||
| 050 | 0 | 0 |
_aRC440 _b.M353 |
| 060 | _aWY 160 M548 | ||
| 082 | 0 | 0 |
_a610.73/68 _219 |
| 245 | 0 | 0 |
_aMental health nursing : _ba bio-psycho-cultural approach / _cElaine Anne Pasquali ... [et al.]. |
| 260 |
_aSt. Louis : _bC. V. Mosby ; _cc1981. |
||
| 300 |
_axviii, 723 p . ; _c25 cm . |
||
| 504 | _aIncludes bibliographies and index. | ||
| 650 | 0 |
_aPsychiatric nursing. _93902 |
|
| 650 | 2 |
_aPsychiatric nursing. _93902 |
|
| 650 | 2 |
_aMental health _xNursing tests. _95791 |
|
| 700 | 1 |
_aPasquali, Elaine Anne, _d1940- _95792 |
|
| 906 |
_a7 _bcbc _corignew _du _eocip _f19 _gy-gencatlg |
||
| 942 |
_2lcc _cBK _n0 |
||
| 999 |
_c2802 _d2802 |
||